Responses for show #7592 - Tuesday, September 19, 2017

Contestants

Farhad Mahmoudi, a client services director from Encinitas, California

Betsy Knudson, an attorney from Salt Lake City, Utah

Angela Ward, a family assessment writer from Longview, Texas (whose 1-day cash winnings total $11,800)

Jeopardy! Round responses

MEN IN HATS
RIGHT ON Q
SONNETS
BRAND NAME MEANINGS
SUPER BOWL HALFTIME SHOWS
DITLOIDS
(Alex: Now, let me give you an example of a ditloid clue: If we said, "N 10 D S", "What is Number 10 Downing Street?")
    $200 6
Freud

Angela
    $200 16
(Angela: Who is Dennis?)

Randy

AngelaBetsy
    $200 11
"How do I love thee?"

Angela
    $200 1
Chiquita

Farhad
    $200 26
the Rockettes

Angela
    $200 21
three strikes and you're out

Farhad
    $400 7
Winston Churchill

Farhad
    $400 17
Lorraine

Betsy
    $400 12
an octet (or octave)

Betsy
    $400 2
Pandora

Farhad
    $400 27
Motown

Angela
    $400 22
the ten plagues of Egypt

Betsy
    $600 8
Lord Nelson

Betsy
    $600 18
Queen Latifah

Farhad
    $600 13
the sun

Triple Stumper
    $600 3
Suave

Angela
    $600 28
Katy Perry

Betsy
    $600 23
Four Weddings and a Funeral

Betsy
    $800 9
(Giuseppe) Verdi

Farhad
    $800 19
Braintree

Betsy
    $800 14
"Death be not proud"

Angela
    $1,000 4
(Angela: What is Exxon?)

Chevron

Angela
    $800 29
The Rolling Stones

Betsy
    $800 24
the seven hills of Rome

Betsy
    $1000 10
(James) Joyce

Farhad
    $1000 20
Salvatore Quasimodo

Triple Stumper
    $1000 15
Petrarch

Betsy
    $1000 5
Nivea

Betsy
    $1000 30
Grambling

Triple Stumper
    $1000 25
180 degrees in a triangle

Betsy

Scores at the first commercial break (after clue 15):

Angela Betsy Farhad
$800 $3,000 $2,800

Scores at the end of the Jeopardy! Round:

Angela Betsy Farhad
$1,200 $8,600 $3,600

Double Jeopardy! Round responses

THE REVOLUTION
IT'S A WIRED WORLD
ORCHESTRA
FISHY CINEMA
TRANSYLVANIA
"VEL"COME
    $400 13
Libya

Farhad
    $400 23
an e-book

Farhad
    $400 26
England (or United Kingdom)

Farhad
    $400 1
Jaws

Farhad
    $400 2
Romania

Betsy
    $400 7
velocity

Angela
    $800 14
William and Mary

Farhad
    $800 24
Turkey

Betsy
    $800 30
the bassoon

Triple Stumper
    $800 12
The Little Mermaid

Farhad
    $800 3
Vlad

Betsy
    $800 8
envelop

Angela
    $1200 15
Pancho Villa

Farhad
    $1200 25
(Farhad: What is VR?)
(Betsy: What is a watch?)
(Alex: Be more specific.)

a smartwatch

BetsyFarhad
    $1200 29
Jeff Lynne

Triple Stumper
    $1200 18
piranha

Angela
    $1200 4
the lynx

Betsy
    $1200 9
a velodrome

Betsy
    $1600 16
the Red Guard

Angela
    $1600 22
typewriters

Angela
    $5,000 28
the Cincinnati Pops

Farhad
    $1600 19
Finding Nemo

Angela
    $3,000 5
the Carpathian Mountains

Betsy
    $1600 10
the javelin

Farhad
    $2000 17
Thailand

Triple Stumper
    $2000 21
a petaflop

Triple Stumper
    $2000 27
Leopold Stokowski

Triple Stumper
    $2000 20
A Fish Called Wanda

Farhad
    $2000 6
the Saxons

Betsy
    $2000 11
Velazquez

Betsy

Scores at the end of the Double Jeopardy! Round:

Angela Betsy Farhad
$8,400 $21,200 $15,400

[wagering suggestions for these scores]

Final Jeopardy! Round responses

POTENT & NONPOTENT POTABLES
(Alex: We'll accept either response as being correct.)
...
(Alex: [To Angela] That's the Canadian whisky.)
AngelaWhat is Crown Roy Royal?
$6,600
FarhadWhat is Crown Royal?
$5,801
BetsyWhat is Royal Crown? (Crown Royal)
$8,000
Crown Royal or Royal Crown

Final scores:

Angela Betsy Farhad
$15,000 $29,200 $21,201
3rd place: $1,000 New champion: $29,200 2nd place: $2,000

Game dynamics:

Coryat scores:

Angela Betsy Farhad
$9,400 $19,800 $12,000
12 R,
2 W
(including 1 DD)
22 R
(including 1 DD),
0 W
17 R
(including 1 DD),
1 W

Combined Coryat: $41,200

The J! Archive is created by fans, for fans. The Jeopardy! game show and all elements thereof, including but not limited to copyright and trademark thereto, are the property of Jeopardy Productions, Inc. and are protected under law. This website is not affiliated with, sponsored by, or operated by Jeopardy Productions, Inc. Join the discussion at JBoard.tv.